Responses for show #7024 - Thursday, March 12, 2015

Kristin Sausville game 2.
Single-player Final Jeopardy!

Contestants

Stephanie Hull, a graduate student of philosophy from Columbia, Missouri

Brad King, an automotive engineer from Hartland, Michigan

Kristin Sausville, a stay-at-home mom from Newark, Delaware (whose 1-day cash winnings total $24,801)

Jeopardy! Round responses

PRESIDENTIAL SECRETS
TEAM OF THE WORLD SERIES MVP
BRITISH AUTHORS
COMPUTER ACTIONS
POTENT POTABLES
BOTTOMS "UP"!
(Alex: Each correct response will end with those two letters.)
    $200 1
(Woodrow) Wilson

Kristin
    $200 13
the (New York) Yankees

Kristin
    $200 14
(Rudyard) Kipling

Brad
    $200 24
live tweeting

Kristin
    $200 7
a Canadian Club

Stephanie
    $200 6
the runner-up

Stephanie
    $400 2
LBJ

Kristin
    $400 22
(Alex: Brad, back to you, with a minute to go.)

the Los Angeles Dodgers

Triple Stumper
    $400 15
H.G. Wells

Kristin
    $400 25
boot

Brad
    $400 8
Bacardi

Kristin
    $400 9
7-Up

Kristin
    $600 3
Teddy Roosevelt

Stephanie
    $600 23
the (Arizona) Diamondbacks

Kristin
    $600 16
"The French Lieutenant's Woman"

Brad
    $600 26
(Brad: What are cut & paste?)
(Alex: We'll--no.)
...
(Alex: [*], yes. Brad realized he made a mistake.)

copy & paste

KristinBrad
    $600 17
very old pale

Triple Stumper
    $600 10
a push-up

Stephanie
    $800 4
(Herbert) Hoover

Kristin
    $800 20
(Charles) Dickens

Stephanie
    $800 27
defrag (or defragmenting)

Kristin
    $800 18
drambuie

Stephanie
    $800 11
a work-up

Kristin
    $1,400 5
(Kristin: Who is Polk?)
(Alex: No. Who is the handsome [*]? [*]. So you're now tied with Brad for second place, with no money.)
[Laughter]

John Tyler

Kristin
    $1000 21
P.D. James

Brad
    $1000 28
[The end-of-round signal sounds.]

doxing (or doxxing)

Stephanie
    $1000 19
(Stephanie: What is amaretto?)

frangelico

Stephanie
Triple Stumper
    $1000 12
a wickiup

Brad

Scores at the first commercial break (after clue 12):

Kristin Brad Stephanie
$1,600 $1,000 $1,600

Scores at the end of the Jeopardy! Round:

Kristin Brad Stephanie
$4,400 $2,600 $3,200

Double Jeopardy! Round responses

PHINEAS & FERBER
INTERIOR DESIGN
5-SYLLABLE WORDS
EAST ASIAN CITIES
LYRICISTS
ZODIAC CONSTELLATIONS
    $400 1
(General) Tom Thumb

Brad
    $400 3
Venetian blinds

Kristin
    $400 9
Seoul

Kristin
    $400 23
Ira Gershwin

Stephanie
    $400 4
Sagittarius

Kristin
    $800 2
Alaska

Stephanie
    $800 14
crown molding

Stephanie
    $800 10
Hiroshima

Kristin
    $800 21
"Hollywood"

Brad
    $2,400 5
(Kristin: What is Taurus?)

Pisces

Kristin
    $1200 22
George Washington

Kristin
    $1200 15
Pier 1

Kristin
    $1200 11
Ulan Bator

Kristin
    $1200 18
(George M.) Cohan

Brad
    $1200 6
Aquarius

Kristin
    $1600 16
(Alex: Good, you're out of the hole now.)

parquet

Stephanie
    $1600 12
(Brad: What is Malaysia?)
(Stephanie: What is Indonesia?)
...
(Alex: "What is [*]?" "On the Road to Mandalay".)

Myanmar (or Burma)

BradStephanie
Triple Stumper
    $2,000 19
(Alex: [*], you are right. Class of 1968.)

(Lorenz) Hart

Brad
    $1600 7
(Brad: What is Libra?)

Virgo

KristinBrad
    $2000 24
(Brad: What is Cimarron?)
(Stephanie: What is Giant?)
(Kristin: What is... sorry.)

So Big

KristinBradStephanie
Triple Stumper
    $2000 17
(Stephanie: Who is Rachael Ray?)
...
(Alex: "Who is [*]?" Stephanie, you're back in the hole. Get out of it! Come on.)

Sandra Espinet

Stephanie
Triple Stumper
    $2000 25
(Stephanie: What is metaphorically?)
[The end-of-round signal sounds.]

figuratively

Stephanie
Triple Stumper
    $2000 13
(Stephanie: What is Nam Peng?)

Haiphong

Stephanie
Triple Stumper
    $2000 20
(Stephanie: What is "Yap"?)
...
(Alex: Oh Stephanie, you were so close, it's [*] Harburg, not "Yap". Less than a minute to go now, Brad.)

"Yip"

Stephanie
Triple Stumper
    $2000 8
(Stephanie: What is Capricorn?)
(Brad: What is Taurus?)
...
(Alex: "What is [*]?" [*] the Lion. Alright, Kristin, back to you.)

Leo

BradStephanie
Triple Stumper

Scores at the end of the Double Jeopardy! Round:

Kristin Brad Stephanie
$8,400 -$200 -$6,800
(lock game)

[wagering suggestions for these scores]

Final Jeopardy! Round responses

THE U.S. GOVERNMENT
(Alex: Kristin, we're gonna start with you. You were in third place... and in the lead.)
KristinWhat is the FDIC?
$1,600
the Social Security Administration

Final scores:

Kristin Brad Stephanie
$6,800 -$200 -$6,800
2-day champion: $31,601 2nd place: $2,000 3rd place: $1,000

Game dynamics:

Coryat scores:

Kristin Brad Stephanie
$12,200 -$600 -$6,800
21 R,
3 W
(including 2 DDs)
9 R
(including 1 DD),
5 W
11 R,
8 W

Combined Coryat: $4,800

The J! Archive is created by fans, for fans. The Jeopardy! game show and all elements thereof, including but not limited to copyright and trademark thereto, are the property of Jeopardy Productions, Inc. and are protected under law. This website is not affiliated with, sponsored by, or operated by Jeopardy Productions, Inc. Join the discussion at JBoard.tv.